| 000 | 00555nam a2200193 a 4500 | ||
|---|---|---|---|
| 005 | 20140310183516.0 | ||
| 008 | 110104s19uu xx 00 eng d | ||
| 020 | _a9780060842598 | ||
| 050 |
_aRC 514 _b.T633 2006 |
||
| 100 | _aTorrey, Fuller | ||
| 245 |
_aSurviving Schizophrenia : _ba manual for families, patients, and providers / _cFuller Torrey. |
||
| 250 | _a5th ed. | ||
| 260 |
_aNew York : _bCollins Living, _c2006. |
||
| 300 |
_a546 p. : _c20 cm. |
||
| 521 | _aPSYCH | ||
| 650 | _aSchizophrenia. | ||
| 942 |
_cBK _2lcc _kFOR |
||
| 999 |
_c24311 _d24311 |
||